OPAC Home

ප්‍රාතිහාර් ශතක විස්තර වර්ණනා (Record no. 97824)

MARC details
000 -LEADER
fixed length control field 00541nam a2200181Ia 4500
003 - CONTROL NUMBER IDENTIFIER
control field LK-CoDNM
005 - DATE AND TIME OF LATEST TRANSACTION
control field 20240122134812.0
008 - FIXED-LENGTH DATA ELEMENTS--GENERAL INFORMATION
fixed length control field 010623t1935 xxu||||| |||| 00| 1 sin d
040 ## - CATALOGING SOURCE
Original cataloging agency LK-CoDNM
Modifying agency LK-CoDNM
Description conventions LK-CoDNM
041 ## - LANGUAGE CODE
Language code of text/sound track or separate title Sinhala; Sinhalese
080 ## - UNIVERSAL DECIMAL CLASSIFICATION NUMBER
Universal Decimal Classification number 104
Item number K 24
942 ## - ADDED ENTRY ELEMENTS (KOHA)
Koha item type Books
100 ## - MAIN ENTRY--PERSONAL NAME
Personal name ed by Abhayawickrama,P.F
245 ## - TITLE STATEMENT
Title ප්‍රාතිහාර් ශතක විස්තර වර්ණනා
246 ## - VARYING FORM OF TITLE
Title proper/short title Pratiharya Shataka Vistararta Varnana
260 ## - PUBLICATION, DISTRIBUTION, ETC. (IMPRINT)
Name of publisher, distributor, etc. Vidya Sagara
Place of publication, distribution, etc. Colombo
Date of publication, distribution, etc. 1935
300 ## - PHYSICAL DESCRIPTION
Other physical details viii,162p, 21 cm
Holdings
Withdrawn status Lost status Damaged status Not for loan Collection code Permanent Location Current Location Date acquired Full call number Barcode Koha item type
        Monographs Library National Museum Colombo - Sri Lanka Library National Museum Colombo - Sri Lanka 2023-08-02 104 K 24 OB974 1 Books
Copyright © 2023 Department of National Museum, Colombo 07, Sri Lanka Funded by UNESCO IFAP UNESCO